Score 0/15 Timer 10:00
1 Play Today
Quotes Character % Correct
'I'm Beyonce, I ain't no Kelly Rowland!'Mercedes Jones
96.9%
'Let's just say that my dads are going to have to dip into my college fund to pay for intensive therapy.'Rachel Berry
96.7%
'And you wanna know why? I don't trust a man with curly hair. I can't help but imagine birds laying sulfurous eggs in there.'Sue Sylvester
95.7%
'I got this book at the library. Did you know you can just borrow books from there?'Finn Hudson
94.6%
'They're going to throw fruit at us, and I just had a facial!'Kurt Hummel
93.6%
'You're not always going to be the star. But I'll do my best to make sure you're always having fun.'Will Schuester
91.1%
'Let's have some girl talk, manhands.'Quinn Fabray
89.5%
'That Rachel girl makes me want to light myself on fire but she can sing.'Noah 'Puck' Puckerman
89%
Quotes Character % Correct
'I-I-I think we got this one Miss Sylvester.'Tina Cohen-Chang
83.3%
'I think Mr. Schuester is trying to use irony to enhance the performance.'Artie Abrams
81.6%
'It's over the counter, it's safe.'Terri Schuester
80.8%
'Oh Sue, I put that video on Youtube myself. And it only got 2 hits!'Principal Figgins
79.4%
'A few years ago, I started a online flirtation with a high school flame Andy. Things got weird and I called it off and two months later Versace was dead.' Emma Pillsbury
77.4%
'Who is Josh Groban? Kill yourself!'Sandy Ryerson
72.2%
'Put that in your pipe and smoke it.'April Rhodes
68.6%

You're not logged in!

Compare scores with friends on all Sporcle quizzes.
OR
Log In

Sporcle TV

Today on Sporcle TV


Watch our educational content, quiz creation guides, and fun videos on Sporcle TV.

Show Comments

Extras

Top Quizzes Today


Score Distribution

Paid Content

Your Account Isn't Verified!

In order to create a playlist on Sporcle, you need to verify the email address you used during registration. Go to your Sporcle Settings to finish the process.

Report this User

Report this user for behavior that violates our Community Guidelines.

Details: